000 00294nam a2200145Ia 4500
100 _aMoret Jim
942 _cBK
366 _f28
245 _aLast day of my life
260 _bJaico Publishing House
_c2010
082 _bMOR
300 _a152
546 _aENGLISH
_cComputers
999 _c32617
_d32617